|
|
|
|
| LEADER |
00879nab a2200229 i 4500 |
| 001 |
publ26558 |
| 005 |
20230222094502.0 |
| 008 |
230222s2022 hu o 0|| zxx d |
| 022 |
|
|
|a 2064-5031 2064-5147
|
| 024 |
7 |
|
|a 10.15201/hungeobull.71.4.2
|2 doi
|
| 024 |
7 |
|
|a 33400808
|2 mtmt
|
| 040 |
|
|
|a SZTE Publicatio Repozitórium
|b hun
|
| 041 |
|
|
|a zxx
|
| 100 |
1 |
|
|a Skarbit Nóra
|
| 245 |
1 |
0 |
|a Projected values of thermal and precipitation climate indices for the broader Carpathian region based on EURO-CORDEX simulations
|h [elektronikus dokumentum] /
|c Skarbit Nóra
|
| 260 |
|
|
|c 2022
|
| 300 |
|
|
|a 325-347
|
| 490 |
0 |
|
|a HUNGARIAN GEOGRAPHICAL BULLETIN (2009-)
|v 71 No. 4
|
| 650 |
|
4 |
|a Föld- és kapcsolódó környezettudományok
|
| 700 |
0 |
1 |
|a Unger János
|e aut
|
| 700 |
0 |
1 |
|a Gál Tamás Mátyás
|e aut
|
| 856 |
4 |
0 |
|u http://publicatio.bibl.u-szeged.hu/26558/3/33400808.pdf
|z Dokumentum-elérés
|